Voyage to modernism (Record no. 591198)

MARC details
000 -LEADER
fixed length control field 00802nam a2200253Ia 4500
003 - CONTROL NUMBER IDENTIFIER
control field OSt
005 - DATE AND TIME OF LATEST TRANSACTION
control field 20220925232339.0
008 - FIXED-LENGTH DATA ELEMENTS--GENERAL INFORMATION
fixed length control field 220923b |||||||| |||| 00| 0 eng d
020 ## - INTERNATIONAL STANDARD BOOK NUMBER
International Standard Book Number 9789380607078
037 ## - SOURCE OF ACQUISITION
Terms of availability General Book
040 ## - CATALOGING SOURCE
Original cataloging agency RTL
Transcribing agency RTL
Language of cataloging eng
041 ## - LANGUAGE CODE
Source of code eng
Language code of text/sound track or separate title eng
100 ## - MAIN ENTRY--PERSONAL NAME
Personal name HASAN Mushirul
9 (RLIN) 26970
245 #0 - TITLE STATEMENT
Title Voyage to modernism
Remainder of title Syed Ahmed Khan
260 ## - PUBLICATION, DISTRIBUTION, ETC.
Place of publication, distribution, etc. Mukherjee
Name of publisher, distributor, etc. Nagar Primus
Date of publication, distribution, etc. 2011
300 ## - PHYSICAL DESCRIPTION
Extent x,252p.
Dimensions cm.
650 ## - SUBJECT ADDED ENTRY--TOPICAL TERM
Topical term or geographic name entry element Sociology
700 ## - ADDED ENTRY--PERSONAL NAME
Personal name ZAIDI Nishat
9 (RLIN) 297276
942 ## - ADDED ENTRY ELEMENTS (KOHA)
Classification part V44Q7:51y7M17, Q1
Koha item type General Books
Source of classification or shelving scheme Colon Classification (CC)
Holdings
Withdrawn status Lost status Damaged status Not for loan Home library Current library Date acquired Source of acquisition Cost, normal purchase price Total Checkouts Full call number Barcode Date last seen Cost, replacement price Price effective from Koha item type
        Ratan Tata Library Ratan Tata Library 2022-09-25 24, 13/12/2020, Shivam Book Service 950.00   V44Q7:51y7M17 Q1 RT1584653 2022-09-25 950.00 2022-09-25 General Books
Copyright @ Delhi University Library System